000 00882cam a2200313 4500
008 090401t1993 xxu||||| |||| 00| 0 eng d
020 _a0854066128
035 _a(Sirsi) u58959
041 _aeng
050 _a346.4104346
_c18
090 _aRICS 1993/59ABCD
100 _aCole, Ian
245 _aReform for leasehold flat owners
_bthe limits on collective action
260 _aLondon
_bRICS
_c1993
300 _a25p.
_c30cm.
350 _a5.20
490 _aRICS Research Paper Series
_v(30)
650 _aBLOCKS OF FLATS
650 _aFLATS
650 _aFREEHOLD
650 _aLANDLORD AND TENANT ACT 1987
650 _aLEASEHOLD ENFRANCHISEMENT
650 _aLEASEHOLD REFORM
690 _aLANDLORD AND TENANT-LEASEHOLD REFORM
700 _aSmith, Yvonne
710 _aRoyal Institution of Chartered Surveyors
_94900
942 _n0
948 _c04/03/1997
999 _c94119
_d94119